| 000 | 00777nam a2200217 i 4500 | ||
|---|---|---|---|
| 001 | 170785 | ||
| 003 | ES-MaACL | ||
| 005 | 20250814013817.0 | ||
| 008 | 090406s1953 sp af |||| | spa d | ||
| 100 | 1 |
_aRiaza Morales, José María. _996695 |
|
| 245 | 1 | 0 |
_aCiencia moderna y filosofía _b: introducción fisicoquímica y matemática / _cpor José Mª Riaza. |
| 260 |
_aMadrid : _bEditorial Católica, _c1953. |
||
| 300 |
_aXXI, 756 p., XVI lám. : _bil. ; _c20 cm. |
||
| 490 | 1 |
_aBiblioteca de autores cristianos ; _v105 |
|
| 650 | 7 |
_aCiencia y filosofía _2embne _910968 |
|
| 650 | 0 | 7 |
_aCiencias _2embne _910971 |
| 830 | 0 | 0 |
_aBiblioteca de autores cristianos _v105 _9178679 |
| 852 |
_aES-MaACL _jJ-103 |
||
| 852 |
_aES-MaACL _jD-6006 |
||
| 999 |
_c170785 _d170785 |
||